[Event "Les Sables d'Olonneop 4th"]
[Site "Les Sables d'Olonne"]
[Date "2017.07.18"]
[Round "5"]
[White "Bogdanov, Egor"]
[Black "Treguer, Pierig"]
[Result "1-0"]
[WhiteElo "2292"]
[BlackElo "1951"]
[PlyCount "139"]
[EventDate "2017.07.15"]
[EventType "swiss"]
[EventRounds "9"]
[EventCountry "FRA"]
[SourceTitle "EXT 2018"]
[Source "ChessBase"]
[SourceDate "2017.10.13"]
[SourceVersion "1"]
[SourceVersionDate "2017.10.13"]
[SourceQuality "1"]

1. e4 g6 2. d4 Bg7 3. Nf3 c6 4. Nc3 d5 5. h3 dxe4 6. Nxe4 Nf6 7. Nxf6+ exf6 8. Bd3 0-0 9. 0-0 Qd6 10. Be3 Nd7 11. c4 f5 12. Qd2 Nf6 13. Bf4 Qd8 14. Rfe1 Be6 15. Bh6 Re8 16. Bxg7 Kxg7 17. Qc3 Kg8 18. Re2 Nh5 19. g3 Qd6 20. Kg2 Rad8 21. Rae1 Qd7 22. Bc2 f4 23. g4 Ng7 24. Kh2 Qd6 25. Bb3 Bc8 26. Qa5 Rxe2 27. Rxe2 Ne6 28. c5 Qf8 29. Qxa7 Nxd4 30. Nxd4 Rxd4 31. Qb8 f3 32. Re3 Be6 33. Qxf8+ Kxf8 34. Bxe6 fxe6 35. Rxf3+ Ke7 36. Rb3 Rd7 37. Kg3 e5 38. Kf3 Ke6 39. Ke3 Rf7 40. Rd3 Rf4 41. Rd8 Rc4 42. Re8+ Kf6 43. Rb8 Rb4 44. b3 h5 45. gxh5 gxh5 46. Kd3 Rd4+ 47. Kc3 Rd7 48. a4 Kf5 49. a5 Kf4 50. Rf8+ Kg5 51. b4 e4 52. b5 Rd3+ 53. Kb4 Rd4+ 54. Kc3 Rd3+ 55. Kc4 cxb5+ 56. Kb4 Rd2 57. Rf7 Rb2+ 58. Ka3 Rc2 59. Rxb7 Rxc5 60. a6 Rc6 61. Rxb5+ Kf4 62. Ra5 Rc8 63. Rxh5 Ra8 64. Rh6 Kg5 65. Re6 Kf5 66. Rb6 Kf4 67. Ka4 Ke5 68. Kb5 Kd5 69. Rb7 Kd6 70. a7 1-0

[Event "Fontenay le Comte Pohu Cup 16th"]
[Site "Fontenay le Comte"]
[Date "2017.06.05"]
[Round "6"]
[White "Crouan, Stephane"]
[Black "Treguer, Pierig"]
[Result "1-0"]
[WhiteElo "2192"]
[BlackElo "1961"]
[PlyCount "61"]
[EventDate "2017.06.03"]
[EventType "swiss"]
[EventRounds "7"]
[EventCountry "FRA"]
[SourceTitle "EXT 2018"]
[Source "ChessBase"]
[SourceDate "2017.10.13"]
[SourceVersion "1"]
[SourceVersionDate "2017.10.13"]
[SourceQuality "1"]

1. e4 g6 2. d4 Bg7 3. Be2 c6 4. h4 d5 5. e5 c5 6. c3 Nc6 7. Be3 Nh6 8. g4 Qb6 9. b3 cxd4 10. cxd4 Qb4+ 11. Kf1 f6 12. a3 Qb6 13. exf6 exf6 14. Nc3 f5 15. Nxd5 Qd8 16. Bc4 Be6 17. Bg5 Bxd5 18. Qe2+ Ne7 19. Bxd5 Nf7 20. Qb5+ Kf8 21. Bxe7+ Qxe7 22. Re1 Qc7 23. Bxf7 Qxf7 24. Nf3 Re8 25. Qb4+ Kg8 26. Rxe8+ Qxe8 27. Qxb7 fxg4 28. Ng5 Bf6 29. Qd5+ Kg7 30. Ne6+ Kh6 31. Kg2 1-0

[Event "FRA-chT2 1011"]
[Site "France"]
[Date "2010.11.14"]
[Round "3.5"]
[White "Treguer, Pierig"]
[Black "Ballester, Alexandre"]
[Result "0-1"]
[WhiteElo "1987"]
[BlackElo "2154"]
[PlyCount "146"]
[EventDate "2010.10.17"]
[EventType "team-tourn"]
[EventRounds "11"]
[EventCountry "FRA"]
[SourceTitle "EXT 2012"]
[Source "ChessBase"]
[SourceDate "2011.11.24"]
[SourceVersion "1"]
[SourceVersionDate "2011.11.24"]
[SourceQuality "1"]

1. e4 c5 2. Nf3 d6 3. c3 Nf6 4. d3 Nc6 5. Nbd2 e6 6. Be2 Be7 7. 0-0 0-0 8. a4 d5 9. Qc2 b6 10. Rd1 Ba6 11. Nf1 Qc7 12. Ng3 Rfd8 13. e5 Nd7 14. d4 Bxe2 15. Qxe2 cxd4 16. cxd4 Nb4 17. Bg5 Bxg5 18. Nxg5 Rac8 19. Qh5 Nf8 20. Ra3 h6 21. Nh3 Qc2 22. Qf3 Ng6 23. Qb3 Qc4 24. Nf1 Nc2 25. Ne3 Qe2 26. Qd3 Qxd3 27. Raxd3 Nxe3 28. fxe3 Rc2 29. R1d2 Rdc8 30. Kf2 R8c4 31. b3 Rxd2+ 32. Rxd2 Rc3 33. Rb2 Ne7 34. Nf4 Nf5 35. Ne2 Rd3 36. Nc1 Rc3 37. Ne2 Rc7 38. g4 Nh4 39. Nf4 g5 40. Ng2 Nxg2 41. Kxg2 Rc3 42. Kf2 a6 43. Ke2 b5 44. axb5 axb5 45. b4 Rc1 46. Kf3 Kg7 47. Ke2 Kg6 48. Kf3 Rg1 49. Rb3 h5 50. gxh5+ Kxh5 51. Kf2 Rc1 52. Kg3 Rc4 53. Kh3 Rc2 54. Kg3 Kg6 55. h3 Kf5 56. Kf3 Rc8 57. Rb2 Rc3 58. Rb1 f6 59. exf6 Kxf6 60. Rb2 Kf5 61. Rb1 e5 62. dxe5 Kxe5 63. Rg1 Kf5 64. Rg4 Rc4 65. Rd4 Ke5 66. Rg4 Rxg4 67. hxg4 d4 68. e4 d3 69. Ke3 d2 70. Kxd2 Kxe4 71. Kc3 Ke3 72. Kc2 Kd4 73. Kb3 Kd3 0-1

[Event "Issy les Moulineaux tt"]
[Site "Issy les Moulineaux"]
[Date "2008.11.23"]
[Round "3.5"]
[White "Navel, Jean Yves"]
[Black "Treguer, Pierig"]
[Result "0-1"]
[WhiteElo "1890"]
[BlackElo "1955"]
[PlyCount "104"]
[EventDate "2008.10.19"]
[EventType "team-tourn"]
[EventRounds "7"]
[EventCountry "FRA"]
[SourceTitle "EXT 2010"]
[Source "ChessBase"]
[SourceDate "2010.11.25"]
[SourceVersion "1"]
[SourceVersionDate "2010.11.25"]
[SourceQuality "1"]
[WhiteTeam "Tours de Haute Picardie  II"]
[BlackTeam "Tour Blanche"]
[WhiteTeamCountry "FRA"]
[BlackTeamCountry "FRA"]

1. e4 c5 2. Nf3 Nc6 3. d4 cxd4 4. Nxd4 Nf6 5. Nc3 e5 6. Ndb5 d6 7. Bg5 a6 8. Na3 b5 9. Nd5 Be7 10. Bxf6 Bxf6 11. c3 Ne7 12. Nxf6+ gxf6 13. Nc2 f5 14. Bd3 fxe4 15. Bxe4 d5 16. Bf3 Be6 17. 0-0 Qd6 18. a4 0-0 19. axb5 axb5 20. Qd2 Rad8 21. Rfd1 Kh8 22. Nb4 Rg8 23. Ra6 Qc5 24. g3 Rg6 25. Qe2 Qc7 26. Qxb5 e4 27. Bg2 Rb8 28. Qa5 Qe5 29. Ra8 Rxa8 30. Qxa8+ Kg7 31. Qa7 Nf5 32. Nc6 Qd6 33. Nd4 Nh4 34. Bxe4 dxe4 35. Nf5+ Bxf5 36. Rxd6 Nf3+ 37. Kg2 Rxd6 38. Qc5 Rf6 39. b4 Ne1+ 40. Kf1 Nd3 41. Qd4 Bh3+ 42. Ke2 Bg4+ 43. Ke3 Nxf2 44. Qxf6+ Kxf6 45. Kxf2 Ke5 46. b5 Bd7 47. b6 Bc8 48. Ke3 Kd5 49. g4 h6 50. h4 Kc4 51. g5 h5 52. Kd2 Bb7 0-1

[Event "Issy les Moulineaux tt"]
[Site "Issy les Moulineaux"]
[Date "2008.11.22"]
[Round "2.7"]
[White "Treguer, Pierig"]
[Black "Leloup, Emmanuel"]
[Result "1-0"]
[WhiteElo "1955"]
[BlackElo "2047"]
[PlyCount "123"]
[EventDate "2008.10.19"]
[EventType "team-tourn"]
[EventRounds "7"]
[EventCountry "FRA"]
[SourceTitle "EXT 2010"]
[Source "ChessBase"]
[SourceDate "2010.11.25"]
[SourceVersion "1"]
[SourceVersionDate "2010.11.25"]
[SourceQuality "1"]
[WhiteTeam "Tour Blanche"]
[BlackTeam "Meaux Beauval"]
[WhiteTeamCountry "FRA"]
[BlackTeamCountry "FRA"]

1. e4 e6 2. d4 d5 3. Nd2 Be7 4. Ngf3 c5 5. exd5 Qxd5 6. Bc4 Qd8 7. 0-0 cxd4 8. Nb3 Nc6 9. Nbxd4 Nxd4 10. Nxd4 Nf6 11. Bf4 a6 12. Re1 Bd7 13. Qe2 0-0 14. Rad1 Qb6 15. Be5 Rfd8 16. Rd3 Rac8 17. Bb3 Bc6 18. Nxe6 Rxd3 19. Qxd3 Be4 20. Rxe4 Nxe4 21. Qxe4 fxe6 22. Bd4 Rc5 23. Bxc5 Bxc5 24. Bxe6+ Kh8 25. Bb3 Qd8 26. c3 Qf8 27. Qe2 b6 28. Bd5 a5 29. c4 Bd4 30. b3 g6 31. Bf3 Kg7 32. Qe4 Bc5 33. g3 Qe7 34. Kf1 Qxe4 35. Bxe4 Kf6 36. f4 Ke6 37. Kg2 Kf6 38. h4 Bd6 39. Kf3 Bc5 40. h5 Bd6 41. hxg6 hxg6 42. g4 Bc5 43. Bd5 Bd6 44. Ke4 Bc7 45. g5+ Kg7 46. Be6 Bd6 47. f5 gxf5+ 48. Kxf5 Bc5 49. g6 Bd4 50. Bf7 Kf8 51. Ke6 Bc5 52. Kd7 Bd4 53. Kc6 Ke7 54. Kb5 Kd6 55. a3 Kc7 56. b4 axb4 57. axb4 Bc3 58. c5 bxc5 59. bxc5 Bg7 60. c6 Bf8 61. Be8 Kd8 62. Kb6 1-0

[Event "Plancoet op 1st"]
[Site "Plancoet"]
[Date "2001.??.??"]
[Round "4"]
[White "Baugin, Alain"]
[Black "Treguer, Pierig"]
[Result "1/2-1/2"]
[WhiteElo "2130"]
[BlackElo "1910"]
[PlyCount "102"]
[EventDate "2001.??.??"]
[EventType "swiss"]
[EventRounds "9"]
[EventCountry "FRA"]
[SourceTitle "EXT 2003"]
[Source "ChessBase"]
[SourceDate "2002.11.25"]
[SourceVersion "1"]
[SourceVersionDate "2002.11.25"]
[SourceQuality "1"]

1. b3 e5 2. Bb2 Nc6 3. e3 Nf6 4. c4 Be7 5. Nc3 0-0 6. Nf3 d6 7. d4 exd4 8. exd4 d5 9. Be2 Bf5 10. 0-0 Re8 11. Ne5 Bd6 12. f4 Ne7 13. cxd5 Nexd5 14. Nxd5 Nxd5 15. Bc4 Bxe5 16. Bxd5 Qxd5 17. fxe5 Be6 18. Rc1 c6 19. Rf4 Qb5 20. Qh5 Qd3 21. Rcf1 Qg6 22. Qxg6 hxg6 23. Ba3 a5 24. R4f2 Bd5 25. Bc5 a4 26. b4 b5 27. a3 Rad8 28. Rf4 Rd7 29. g4 Be6 30. h4 Kh7 31. R1f2 Rh8 32. Bd6 Bd5 33. Kh2 Kg8 34. Kg3 Be6 35. Rc2 Bd5 36. Rf1 Kh7 37. Rfc1 Rc8 38. Rc5 Rdd8 39. Be7 Rd7 40. Bd6 Rdd8 41. Kf4 Kg8 42. Kg5 Kh7 43. h5 gxh5 44. gxh5 Re8 45. R1c2 Be4 46. Rh2 Re6 47. Rf2 Kg8 48. Kf4 Bd5 49. Rfc2 Ree8 50. R5c3 Kh7 51. Rh2 Re6 1/2-1/2

[Event "FRA-chT4 0001"]
[Site "Bretagne"]
[Date "2000.12.10"]
[Round "3"]
[White "Treguer, Pierig"]
[Black "Derrien, Fabrice"]
[Result "1-0"]
[WhiteElo "1900"]
[BlackElo "1740"]
[PlyCount "27"]
[EventDate "2000.10.??"]
[EventType "team"]
[EventRounds "7"]
[EventCountry "FRA"]
[SourceTitle "EXT 2005"]
[Source "ChessBase"]
[SourceDate "2004.11.15"]
[SourceVersion "1"]
[SourceVersionDate "2004.11.15"]
[SourceQuality "1"]

1. e4 e6 2. d4 d5 3. Nd2 dxe4 4. Nxe4 Nd7 5. Nf3 Ngf6 6. Bg5 Be7 7. Nxf6+ Nxf6 8. Bd3 Bd7 9. 0-0 0-0 10. Qe2 Rc8 11. Ne5 c5 12. dxc5 Rxc5 13. Rad1 Qe8 14. Bxf6 1-0